| 000 | 00686nam a2200217 a 4500 | ||
|---|---|---|---|
| 999 |
_c7524 _d7524 |
||
| 001 | 7524 | ||
| 003 | BD-JhCC | ||
| 005 | 20200616134008.0 | ||
| 008 | 171101s1974 bg |||| ||a| 000 0 ben d | ||
| 035 | _a(BD-JhCC) 7524 | ||
| 040 |
_aBD-JhCC _dBD-JhCC |
||
| 041 | _aben | ||
| 082 |
_a321.7 _bKAR 1974 |
||
| 100 | _aকরিম, সরদার ফজলুল | ||
| 245 |
_aপ্লেটোর রিপাবলিক / _cসরদার ফজলুল করিম |
||
| 260 |
_aঢাকা : _bঢাকা বিশ্ববিদ্যালয়, _c1974. |
||
| 300 |
_a524 p .: _c22 cm. |
||
| 650 | _aRepublic (Plato) | ||
| 942 |
_2ddc _cBK _02 |
||